000 00276nam a2200109Ia 4500
008 210107s9999 xx 000 0 und d
100 _aKanungo, Shivraj
245 0 _aMaking Information Technology Work
260 _aNew Delhi
_bSage Publications
300 _a430
942 _cBK
999 _c10389
_d10389